000 00723nam a2200205Ia 4500
005 20241129110142.0
008 241129s9999||||xx |||||||||||||| ||und||
037 _aTB
040 _aARTS
_bpun
_cARTS
041 _apun
_2pun
084 _aO153,1F73:g R3
_qARTS
100 _aਸਿੰਘ, ਰਾਮ, ਚ
_9167254
245 0 _aਬਾਬਾ ਖ਼ਰੀਦ ਜੀ ਦਰਸ਼ਨ ਤੇ ਕਲਾ
_cਸਿੰਘ, ਰਾਮ, ਚ
260 _aਅੰਮ੍ਰਿਤਸਰ, ਭਾਰਤ
_bਅੰਮ੍ਰਿਤਸਰ ਸਿੰਘ ਬ੍ਰਦਰਗ਼
_c2023
300 _a232ਪ੍ਰ0
365 _aINR
_b350
650 _aPunjabi Poetry
_9187334
942 _cTB
_hO153,1F73:g R3
999 _c1227508
_d1227508